Stojí za povšimnutí 12

Bibliographic Details
Main Author: Votruba, Rudolf (Author)
Format: Article
Language:Czech
ISSN:1211-0922
Subjects:

MARC

LEADER 00000nab a2200000 a 4500
001 vtls000574004
003 SK-MaSNL
005 20260303013049.0
008 120929c1995 xo 0 cze
015 |a SNBRB19rr/mm-uuuuu 
035 |a CL0574142 
040 |a SNKBUCL  |b slo  |c SNKBUCL  |e AACR2 
041 0 |a cze 
044 |a xo  |c SK 
080 |a 631.544.4:635.9  |2 1981 
080 |a 635.9  |2 1981 
100 1 |a Votruba, Rudolf  |4 aut  |9 5853 
245 1 0 |a Stojí za povšimnutí 12  |c Rudolf Votruba 
650 0 7 |a skleníkové rastliny  |2 snkbucl  |9 1703 
655 7 |a články z novín a časopisov  |2 snkbucl  |9 267496 
773 0 |t Zahradnictví  |g Roč. 20, č. 12 (1995), s. 13-14  |x 1211-0922 
850 |a Slovenská národná knižnica v Martine  |a MTA001 
852 |a SNK  |b KIS3GCP 
958 |a RK 
992 |a RBX 
999 |c 1600512  |d 1602442